Statistiques concernant Tous les Pokémon plus grands que le Joueur/la Joueuse

Cliquez ici pour prendre le quiz!

Statistiques générales

  • Ce quiz a été pris 12 fois
  • Le résultat moyen est 93 sur 242

Statistiques - réponses

Pokémon% Correct
Dracaufeu
100%
Florizarre
100%
Tortank
100%
Groudon
90%
Dialga
80%
Kyogre
80%
Mewtwo
80%
Onix
80%
Palkia
80%
Arbok
70%
Arcanin
70%
Arceus
70%
Artikodin
70%
Ho Oh
70%
Jungko
70%
Laggron
70%
Leviator
70%
Lugia
70%
Steelix
70%
Sulfura
70%
Wailord
70%
Abo
60%
Aligatueur
60%
Brasegali
60%
Draco
60%
Dracolosse
60%
Electhor
60%
Giratina
60%
Grolem (d'Alola)
60%
Lunala
60%
Meganium
60%
Pingoleon
60%
Rayquaza
60%
Rhinastoc
60%
Ronflex
60%
Solgaleo
60%
Typhlosion
60%
Wailme
60%
Blizzaroi
50%
Demanta
50%
Elekable
50%
Ethernatos
50%
Galopa
50%
Kangourex
50%
Latios
50%
Maganon
50%
Milobellus
50%
Monaflemit
50%
Noctunoir
50%
Regice
50%
Regigigas
50%
Regirock
50%
Registeel
50%
Reshiram
50%
Rhinoferos
50%
Rosabyss
50%
Serpang
50%
Teraclope
50%
Torterra
50%
Tyranocif
50%
Zekrom
50%
Archéduc
40%
Bamboiselle
40%
Blindépique
40%
Cablifere
40%
Carchacrok
40%
Cizayox
40%
Cobaltium
40%
Deoxys
40%
Deusolourdo
40%
Empiflor
40%
Engloutyran
40%
Entei
40%
Felinferno
40%
Frison
40%
Fulguris (forme Totémique)
40%
Galeking
40%
Gallame
40%
Golemastoc
40%
Gorythmic
40%
Koraidon
40%
Kyurem
40%
Lamantine
40%
Lokhlass
40%
Majaspic
40%
Mammochon
40%
Metalosse
40%
Minidraco
40%
Miraidon
40%
Noadkoko
40%
Nosferalto
40%
Pandarbare
40%
Raikou
40%
Roitiflam
40%
Scalproie
40%
Scolocendre
40%
Scorvol
40%
Seviper
40%
Sharpedo
40%
Suicune
40%
Terrakium
40%
Tropius
40%
Viridium
40%
Xerneas
40%
Yveltal
40%
Zygarde
40%
Airmure
30%
Ama-Ama
30%
Avaltout
30%
Blizzeval
30%
Bouldeneu
30%
Boumata
30%
Bourrinos
30%
Camerupt
30%
Cancrelove
30%
Charkos
30%
Chelours
30%
Corvaillus
30%
Coudlangue
30%
Crabominable
30%
Darumacho (de Galar)
30%
Dodrio
30%
Dolman
30%
Dragmara
30%
Draieul
30%
Drakkarmin
30%
Dunaconda
30%
Dunaja
30%
Duralugon
30%
Ekaiser
30%
Epine-De-Fer
30%
Flagadoss
30%
Flamigator
30%
Fouinar
30%
Froussardine (forme Banc)
30%
Galvagla
30%
Galvagon
30%
Gardevoir
30%
Gigalithe
30%
Gueriaigle (de Hisui)
30%
Hariyama
30%
Heatran
30%
Hippodocus
30%
Hoopa (forme Déchaînée)
30%
Hydragla
30%
Hydragon
30%
Hypnomade
30%
Hyporoi
30%
Kravarech
30%
Lanssorien
30%
Lezargus
30%
Libegon
30%
Mackogneur
30%
Mandrillon
30%
Melmetal
30%
Miasmax
30%
Mouscoto
30%
Moyade
30%
Muplodocus
30%
Necrozma
30%
Noarfang
30%
Nostenfer
30%
Ohmassacre
30%
Oratoria
30%
Pachyradjah
30%
Palmaval
30%
Paume-De-Fer
30%
Pelage-Sablé
30%
Pierroteknik
30%
Polagriffe
30%
Ptera
30%
Pyrax
30%
Quartermac
30%
Regidrago
30%
Rexillius
30%
Roigada
30%
Rugit-Lune
30%
Salarsen
30%
Sarmurai
30%
Scalpereur
30%
Seracrawl
30%
Shifours
30%
Silvallie
30%
Sinistrail
30%
Smogogo (de Galar)
30%
Sorcilence
30%
Spectreval
30%
Spectrum
30%
Sylveroy (Cavalier du Froid et Cavalier d'Effroi)
30%
Tarenbulle
30%
Tokorico
30%
Tokotoro
30%
Tranchodon
30%
Trioxhydre
30%
Tutankafer
30%
Type:0
30%
Ursaking
30%
Ursaring
30%
Volcanion
30%
Yanmega
30%
Zacian
30%
Zamazenta
30%
Zeblitz
30%
Zoroark
30%
Akwakwak
20%
Amovenus
20%
Balbaleze
20%
Baojian
20%
Brutapode
20%
Chef-De-Fer
20%
Chevroum
20%
Cleopsytra
20%
Dinglu
20%
Exagide
20%
Felicanis
20%
Ferdeter
20%
Flamenroule
20%
Fort-Ivoire
20%
Gigansel
20%
Glaivodo
20%
Haydaim
20%
Ire-Foudre
20%
Ixon
20%
Krakos
20%
Malvalame
20%
Monthracite
20%
Motorizard
20%
Oyacata
20%
Paragruel
20%
Pondralugon
20%
Qwilpik
20%
Rampe-Ailes
20%
Serpente-Eau
20%
Superdofin (forme Super)
20%
Tentacruel
20%
Terraiste
20%
Tomberro
20%
Tutetekri
20%
Vrombotor
20%
Delestin
10%
Farigirag
10%
Terracruel
10%

Distribution des résultats

Percentile par nombre de réponses

% des personnes avec chaque résultat

Votre développement - résultats

Vous n’avez pas pris ce quiz